| 000 | 00729 a2200217 4500 | ||
|---|---|---|---|
| 999 |
_c2200 _d2200 |
||
| 020 | _a0304334804 (cased) | ||
| 020 | _a0304334812 (pbk) | ||
| 050 | 0 | 0 | _aHV875.58.G7 1997 |
| 100 | 1 | _aTriseliotis, J. P. | |
| 245 | 1 | 0 |
_aAdoption : _btheory, policy, and practice / _cJohn Triseliotis, Joan Shireman, Marion Hundleby. |
| 264 |
_aLondon _bCassell _c1997 |
||
| 300 |
_ax, 278 p. : _bill. ; |
||
| 500 | _aadoption | ||
| 504 | _aIncludes bibliographical references (p. [251]-272) and indexes. | ||
| 650 | 0 | _aAdoption | |
| 650 | 0 | _aAdoption | |
| 700 | 1 | _aShireman, Joan F. | |
| 700 | 1 | _aHundleby, Marion. | |
| 942 |
_2lcc _cBK _h875.58G7 _iTRI _kHV |
||